Statistics for 2019-2020 Denver Broncos Current Roster

Click here to take the quiz!

General Stats

  • This quiz has been taken 71 times
  • The average score is 19 of 39

Answer Stats

Hint Answer % Correct
QBJoe Flacco
93%
RBPhillip Lindsey
93%
WRCourtland Sutton
86%
QBDrew Lock
84%
LBVon Miller
84%
WREmmanuel Sanders
81%
CBChris Harris Jr.
81%
DTShelby Harris
81%
TENoah Fant
77%
RBRoyce Freeman
74%
LBBradley Chubb
72%
DEDerek Wolfe
67%
KBrandon McManus
67%
CoachVic Fangio
63%
OLGarett Bolles
60%
FBAndy Janovich
53%
FSJustin Simmons
53%
CBKareem Jackson
51%
WRDaeSean Hamilton
49%
TEJake Butt
47%
RBDevontae Booker
47%
LBTodd Davis
44%
WRTim Patrick
40%
SSWill Parks
35%
OLJa'Wuan James
33%
PColby Wadman
30%
OLRonald Leary
30%
LBJosey Jewell
28%
OLConnor McGovern
23%
CBBryce Callahan
21%
DEAdam Gotsis
21%
CBIsaac Yiadom
19%
QBKevin Hogan
16%
WRRiver Cracraft
14%
LSCasey Kreiter
14%
DTZach Kerr
9%
TETroy Fumagalli
9%
OLElijah Wilkinson
7%
KRBrendan Langley
5%

Score Distribution

Percentile by Number Answered

Percent of People with Each Score

Your Score History

You have not taken this quiz